000 00745nam a2200157 a 4500
001 000029435
005 20200930055541.0
008 110415s1980 dr 000 0 spa d
040 _aDO-SdBNP
_bspa
_cBNPHU
082 _axxx
_bG492d
100 1 _aGinebra Hernández, Luis Augusto
_956311
245 1 0 _aDiscurso pronunciado por el dr. Luis Augusto Ginebra con los auspicios del Consejo Nacional de Hombres de empresa, durante la cena de la unidad empresarial efectuada en el salón ambar del hotel plaza dominicana, el día 3 de julio de 1980, en Santo Domingo /
_cLuis Augusto Ginebra Hernández.
260 _aSanto Domingo :
_bConsejo Nacional de Hombres de Empresa de la República Dominicana,
_c[1980].
300 _a[18 p.].
049 _aBNPD
999 _c28927
_d28927